Chemistry : (Record no. 9051)
[ view plain ]
| 000 -LEADER | |
|---|---|
| fixed length control field | 00937cam a2200277 4500 |
| 001 - CONTROL NUMBER | |
| control field | 9051 |
| 003 - CONTROL NUMBER IDENTIFIER | |
| rucl marc code | BD-RjUL |
| 005 - DATE AND TIME OF LATEST TRANSACTION | |
| control field | 20211208234716.0 |
| 008 - FIXED-LENGTH DATA ELEMENTS--GENERAL INFORMATION | |
| fixed length control field | 140120s1972 enka b 001 0 eng |
| 020 ## - INTERNATIONAL STANDARD BOOK NUMBER | |
| International Standard Book Number | 0201037793 |
| 035 ## - SYSTEM CONTROL NUMBER | |
| System control number | (BD-RjUL)9096 |
| 040 ## - CATALOGING SOURCE | |
| Original cataloging agency | DLC |
| Transcribing agency | DLC |
| Modifying agency | DLC |
| -- | BD-RjUL |
| Language of cataloging | eng |
| 041 ## - LANGUAGE CODE | |
| Language code of text/sound track or separate title | eng |
| 082 00 - DEWEY DECIMAL CLASSIFICATION NUMBER | |
| Classification number | 540 |
| Author mark and year | KNC 1981 |
| Edition number | 23 |
| 100 1# - MAIN ENTRY--PERSONAL NAME | |
| Personal name | Kneen, W. R. |
| Fuller form of name | (William Ross) |
| 9 (RLIN) | 28096 |
| 245 10 - TITLE STATEMENT | |
| Title | Chemistry : |
| Remainder of title | facts, patterns, and principles / |
| Statement of responsibility, etc. | W. R. Kneen, M. J. W. Rogers and P. Simpson; contributing editors [others]. |
| 260 ## - PUBLICATION, DISTRIBUTION, ETC. (IMPRINT) | |
| Place of publication, distribution, etc. | London : |
| Name of publisher, distributor, etc. | Addison-Wesley, |
| Date of publication, distribution, etc. | c1972 [Reprint 1980, 1981] |
| 300 ## - PHYSICAL DESCRIPTION | |
| Pagination | xii, 861 p. : |
| Illustrations | illus. ; |
| Size | 24 cm. |
| 350 ## - PRICE (NR) (BK AM CF MU VM SE) [OBSOLETE] | |
| Price | £4.80 |
| 504 ## - BIBLIOGRAPHY, ETC. NOTE | |
| Bibliography, etc | Includes Bibliography: p. 820-822 and index. |
| 650 #0 - SUBJECT ADDED ENTRY--TOPICAL TERM | |
| Topical term or geographic name as entry element | Chemistry. |
| 9 (RLIN) | 28097 |
| 700 1# - ADDED ENTRY--PERSONAL NAME | |
| Personal name | Rogers, Martin J. W., |
| Relator term | joint author. |
| Personal name | Simpson, Peter, |
| Dates associated with a name | 1934 August 7- |
| Relator term | joint author. |
| 942 ## - ADDED ENTRY ELEMENTS (KOHA) | |
| Source of classification or shelving scheme | Dewey Decimal Classification |
| Koha item type | Books |
| Lost status | Source of classification or shelving scheme | Damaged status | Not for loan | Collection code | Permanent Location | Current Location | Date acquired | Source of acquisition | Cost, normal purchase price | Total Checkouts | Full call number | Date last seen | Copy number | Koha item type | Shelving location |
|---|---|---|---|---|---|---|---|---|---|---|---|---|---|---|---|
| Dewey Decimal Classification | Not For Loan | Non-fiction | Central Library, University of Rajshahi | Central Library, University of Rajshahi | 02/05/1984 | British councle | 0.00 | 540 KNC 1981 | 20/01/2014 | C-1 | Books | ||||
| Dewey Decimal Classification | Non-fiction | Central Library, University of Rajshahi | Central Library, University of Rajshahi | 02/05/1984 | British council gift | 540 KNC 1980 | 22/01/2014 | C-2 | Books | ||||||
| Dewey Decimal Classification | Non-fiction | Central Library, University of Rajshahi | Central Library, University of Rajshahi | 02/05/1984 | British council, Dhaka | 540 KNC 1972 | 28/03/2017 | C-3 | Books | ||||||
| Dewey Decimal Classification | Non-fiction | Central Library, University of Rajshahi | Central Library, University of Rajshahi | 02/05/1984 | British council, Dhaka | 540 KNC 1981 | 13/05/2017 | C-4 | Books | ||||||
| Dewey Decimal Classification | Non-fiction | Central Library, University of Rajshahi | Central Library, University of Rajshahi | 02/05/1984 | British council, Dhaka | 540 KNC 1980 | 13/05/2017 | C-5 | Books |